000
00205nam a22000857a 4500
008
161114b xxu||||| |||| 00| 0 eng d
100
_9
1187
_a
Doshi.D.M.
245
_a
Science Today
260
_a
New delhi
_b
CP
_c
2012
999
_c
3869
_d
3869